Statistics for F1 Season: 1958 Race Winners

Click here to take the quiz!

General Stats

  • This quiz has been taken 63 times
  • The average score is 8 of 11

Answer Stats

Grand PrixWinner% Correct
PortugueseStirling Moss
98%
DutchStirling Moss
98%
MoroccanStirling Moss
98%
FrenchMike Hawthorn
93%
ArgentineJuan Manuel Fangio
74%
BelgianTony Brooks
69%
GermanTony Brooks
69%
ItalianTony Brooks
69%
BritishPeter Collins
63%
MonacoMaurice Trintignant
48%
Indianapolis 500Jimmy Bryan
33%

Score Distribution

Percentile by Number Answered

Percent of People with Each Score

Your Score History

You have not taken this quiz